<?xml version="1.0" encoding="UTF-8"?>
<record
    xmlns:xsi="http://www.w3.org/2001/XMLSchema-instance"
    xsi:schemaLocation="http://www.loc.gov/MARC21/slim http://www.loc.gov/standards/marcxml/schema/MARC21slim.xsd"
    xmlns="http://www.loc.gov/MARC21/slim">

  <leader>02754cam a22004214a 4500</leader>
  <controlfield tag="001">16011850</controlfield>
  <controlfield tag="003">OSt</controlfield>
  <controlfield tag="005">20150408114101.0</controlfield>
  <controlfield tag="008">091202s2010    enkaf    bf   001 0 eng  </controlfield>
  <datafield tag="010" ind1=" " ind2=" ">
    <subfield code="a">  2009049029</subfield>
  </datafield>
  <datafield tag="016" ind1="7" ind2=" ">
    <subfield code="a">101520545</subfield>
    <subfield code="2">DNLM</subfield>
  </datafield>
  <datafield tag="020" ind1=" " ind2=" ">
    <subfield code="a">9780199236107 (pbk. : alk. paper)</subfield>
  </datafield>
  <datafield tag="020" ind1=" " ind2=" ">
    <subfield code="a">0199236100 (pbk. : alk. paper)</subfield>
  </datafield>
  <datafield tag="035" ind1=" " ind2=" ">
    <subfield code="a">(OCoLC)ocn477050804</subfield>
  </datafield>
  <datafield tag="040" ind1=" " ind2=" ">
    <subfield code="a">Ma-Un</subfield>
  </datafield>
  <datafield tag="042" ind1=" " ind2=" ">
    <subfield code="a">pcc</subfield>
  </datafield>
  <datafield tag="050" ind1="0" ind2="0">
    <subfield code="a">R729.5.G4</subfield>
    <subfield code="b">O95 2010</subfield>
  </datafield>
  <datafield tag="082" ind1="0" ind2="0">
    <subfield code="a">616</subfield>
    <subfield code="2">22</subfield>
  </datafield>
  <datafield tag="100" ind1="1" ind2=" ">
    <subfield code="a">Simon, Chantal.</subfield>
    <subfield code="9">17646</subfield>
  </datafield>
  <datafield tag="245" ind1="1" ind2="0">
    <subfield code="a">Oxford handbook of general practice /</subfield>
    <subfield code="c">Chantal Simon, Hazel Everitt, Fran&#xE7;oise van Dorp ; guest author, Knut Schroeder.</subfield>
  </datafield>
  <datafield tag="250" ind1=" " ind2=" ">
    <subfield code="a">3rd ed.</subfield>
  </datafield>
  <datafield tag="260" ind1=" " ind2=" ">
    <subfield code="a">Oxford ;</subfield>
    <subfield code="a">New York :</subfield>
    <subfield code="b">Oxford University Press,</subfield>
    <subfield code="c">2010.</subfield>
  </datafield>
  <datafield tag="300" ind1=" " ind2=" ">
    <subfield code="a">xxxiii, 1155 p., [6] p. of plates :</subfield>
    <subfield code="b">ill. (some col.) ;</subfield>
    <subfield code="c">19 cm.</subfield>
  </datafield>
  <datafield tag="440" ind1=" " ind2="0">
    <subfield code="a">Oxford handbooks</subfield>
  </datafield>
  <datafield tag="504" ind1=" " ind2=" ">
    <subfield code="a">Includes bibliographical references and index.</subfield>
  </datafield>
  <datafield tag="520" ind1=" " ind2=" ">
    <subfield code="a">"The Oxford Handbook of General Practice has been a lifeline for busy GPs since the first edition published in 2002. Covering the whole of general practice, with hands-on advice from experienced practitioners, this essential handbook provides rapid access to information to help with any day-to-day problems which might arise in general practice. The new third edition takes into account the significant changes in primary care since publication of the second edition in 2005. Written in line with the new GP curriculum, the authors have provided new material on the GP contract,  foundation level doctors in general practice, and training for general practice. All chapters have been completely revised and updated with input from a team of specialist reviewers and contributors. The chapter on child health has been radically updated and specific chapters have now been dedicated to pregnancy and contraception/sexual health. The handbook also includes quick reference practical management boxes for pediatric and elderly patients, a plate section of color images, and reference to online guidelines and resources"--Provided by publisher.</subfield>
  </datafield>
  <datafield tag="650" ind1=" " ind2="0">
    <subfield code="a">Physicians (General practice)</subfield>
    <subfield code="v">Handbooks, manuals, etc.</subfield>
    <subfield code="9">17647</subfield>
  </datafield>
  <datafield tag="650" ind1=" " ind2="0">
    <subfield code="a">Primary care (Medicine)</subfield>
    <subfield code="x">Practice</subfield>
    <subfield code="v">Handbooks, manuals, etc.</subfield>
    <subfield code="9">17648</subfield>
  </datafield>
  <datafield tag="650" ind1=" " ind2="0">
    <subfield code="a">Family medicine</subfield>
    <subfield code="x">Practice</subfield>
    <subfield code="v">Handbooks, manuals, etc.</subfield>
    <subfield code="9">17649</subfield>
  </datafield>
  <datafield tag="650" ind1="1" ind2="2">
    <subfield code="a">Family Practice</subfield>
    <subfield code="v">Handbooks.</subfield>
    <subfield code="9">17650</subfield>
  </datafield>
  <datafield tag="650" ind1="2" ind2="2">
    <subfield code="a">Evidence-Based Medicine</subfield>
    <subfield code="v">Handbooks.</subfield>
    <subfield code="9">10216</subfield>
  </datafield>
  <datafield tag="650" ind1="2" ind2="2">
    <subfield code="a">Primary Health Care</subfield>
    <subfield code="v">Handbooks.</subfield>
    <subfield code="9">9876</subfield>
  </datafield>
  <datafield tag="700" ind1="1" ind2=" ">
    <subfield code="a">Everitt, Hazel.</subfield>
    <subfield code="9">17651</subfield>
  </datafield>
  <datafield tag="700" ind1="1" ind2=" ">
    <subfield code="a">Dorp, Francoise van.</subfield>
    <subfield code="9">17652</subfield>
  </datafield>
  <datafield tag="700" ind1="1" ind2=" ">
    <subfield code="a">Schroeder, Knut.</subfield>
    <subfield code="9">17653</subfield>
  </datafield>
  <datafield tag="942" ind1=" " ind2=" ">
    <subfield code="2">ddc</subfield>
    <subfield code="c">BOOK</subfield>
  </datafield>
  <datafield tag="999" ind1=" " ind2=" ">
    <subfield code="c">26152</subfield>
    <subfield code="d">260652</subfield>
  </datafield>
  <datafield tag="952" ind1=" " ind2=" ">
    <subfield code="1">0</subfield>
    <subfield code="2">2013-03-10</subfield>
    <subfield code="4">0</subfield>
    <subfield code="7">0</subfield>
    <subfield code="a">616 SCO</subfield>
    <subfield code="c">1</subfield>
    <subfield code="d">2012-10-23</subfield>
    <subfield code="h">CL</subfield>
    <subfield code="i">00450014</subfield>
    <subfield code="m">CL</subfield>
    <subfield code="o">1</subfield>
    <subfield code="q">2018-03-18</subfield>
    <subfield code="r">2018-03-18 00:00:00</subfield>
    <subfield code="s">2018-04-17</subfield>
    <subfield code="t">BOOK</subfield>
    <subfield code="w">ddc</subfield>
    <subfield code="y">3</subfield>
  </datafield>
  <datafield tag="952" ind1=" " ind2=" ">
    <subfield code="1">0</subfield>
    <subfield code="2">2013-03-10</subfield>
    <subfield code="4">0</subfield>
    <subfield code="7">0</subfield>
    <subfield code="a">616 SCO</subfield>
    <subfield code="c">2</subfield>
    <subfield code="d">2012-10-23</subfield>
    <subfield code="h">CL</subfield>
    <subfield code="i">00450013</subfield>
    <subfield code="m">CL</subfield>
    <subfield code="q">2019-02-28</subfield>
    <subfield code="r">2020-01-21 00:00:00</subfield>
    <subfield code="t">BOOK</subfield>
    <subfield code="w">ddc</subfield>
    <subfield code="y">2</subfield>
  </datafield>
  <datafield tag="952" ind1=" " ind2=" ">
    <subfield code="1">0</subfield>
    <subfield code="2">2013-03-10</subfield>
    <subfield code="4">0</subfield>
    <subfield code="7">0</subfield>
    <subfield code="a">616 SCO</subfield>
    <subfield code="c">3</subfield>
    <subfield code="d">2012-10-23</subfield>
    <subfield code="h">CL</subfield>
    <subfield code="i">00450012</subfield>
    <subfield code="m">CL</subfield>
    <subfield code="o">1</subfield>
    <subfield code="q">2016-02-01</subfield>
    <subfield code="r">2016-02-01 00:00:00</subfield>
    <subfield code="s">2016-04-01</subfield>
    <subfield code="t">BOOK</subfield>
    <subfield code="w">ddc</subfield>
    <subfield code="y">1</subfield>
  </datafield>
  <datafield tag="952" ind1=" " ind2=" ">
    <subfield code="1">0</subfield>
    <subfield code="2">2013-11-01</subfield>
    <subfield code="4">0</subfield>
    <subfield code="7">0</subfield>
    <subfield code="a">616 SCO</subfield>
    <subfield code="d">2013-11-01</subfield>
    <subfield code="h">SZM</subfield>
    <subfield code="i">00403472</subfield>
    <subfield code="m">SZM</subfield>
    <subfield code="r">2013-11-01 00:00:00</subfield>
    <subfield code="t">BOOK</subfield>
    <subfield code="w">ddc</subfield>
    <subfield code="y">0</subfield>
  </datafield>
  <datafield tag="952" ind1=" " ind2=" ">
    <subfield code="1">0</subfield>
    <subfield code="2">2013-11-01</subfield>
    <subfield code="4">0</subfield>
    <subfield code="7">0</subfield>
    <subfield code="a">616 SCO</subfield>
    <subfield code="d">2013-11-01</subfield>
    <subfield code="h">SZM</subfield>
    <subfield code="i">00403473</subfield>
    <subfield code="m">SZM</subfield>
    <subfield code="r">2013-11-01 00:00:00</subfield>
    <subfield code="t">BOOK</subfield>
    <subfield code="w">ddc</subfield>
    <subfield code="y">0</subfield>
  </datafield>
  <datafield tag="952" ind1=" " ind2=" ">
    <subfield code="1">0</subfield>
    <subfield code="2">2013-11-01</subfield>
    <subfield code="4">0</subfield>
    <subfield code="7">0</subfield>
    <subfield code="a">616 SCO</subfield>
    <subfield code="d">2013-11-01</subfield>
    <subfield code="h">SZM</subfield>
    <subfield code="i">00403474</subfield>
    <subfield code="m">SZM</subfield>
    <subfield code="r">2013-11-01 00:00:00</subfield>
    <subfield code="t">BOOK</subfield>
    <subfield code="w">ddc</subfield>
    <subfield code="y">0</subfield>
  </datafield>
  <datafield tag="952" ind1=" " ind2=" ">
    <subfield code="1">0</subfield>
    <subfield code="2">2013-11-01</subfield>
    <subfield code="4">0</subfield>
    <subfield code="7">0</subfield>
    <subfield code="a">616 SCO</subfield>
    <subfield code="d">2013-11-01</subfield>
    <subfield code="h">AMF</subfield>
    <subfield code="i">00403475</subfield>
    <subfield code="m">AMF</subfield>
    <subfield code="r">2013-11-01 00:00:00</subfield>
    <subfield code="t">BOOK</subfield>
    <subfield code="w">ddc</subfield>
    <subfield code="y">0</subfield>
  </datafield>
  <datafield tag="952" ind1=" " ind2=" ">
    <subfield code="1">0</subfield>
    <subfield code="2">2013-11-01</subfield>
    <subfield code="4">0</subfield>
    <subfield code="7">0</subfield>
    <subfield code="a">616 SCO</subfield>
    <subfield code="d">2013-11-01</subfield>
    <subfield code="h">AMF</subfield>
    <subfield code="i">00403476</subfield>
    <subfield code="m">AMF</subfield>
    <subfield code="q">2025-02-02</subfield>
    <subfield code="r">2025-04-14 00:00:00</subfield>
    <subfield code="t">BOOK</subfield>
    <subfield code="w">ddc</subfield>
    <subfield code="y">1</subfield>
  </datafield>
</record>
